000 00474nam a2200181Ia 4500
003 OSt
005 20260119160303.0
008 210210b1964 xxu||||| |||| 00| 0 eng d
040 _cAL
041 _akan
082 _a859/258
100 _aUSHADEVI
_9148593
_dಉಷಾದೇವಿ
245 _aMudiyerada hu:
_bಮುಡಿಯೇರದ ಹೂ
260 _aBengaluru
_bHemanta Sahitya
_c1964
690 _aKannada Fiction
_9148596
906 _a021130
942 _2ddc
_cBK
999 _c145192
_d145192